000 01133nam a2200229Ia 4500
001 L200-53460
003 IT-CnALBA
008 170116s9999||||xx |||||||||||||| ||und||
040 _aIT-CnALBA
_cIT-CnALBA
041 _aITALIANO
100 _aBROVELLI FRANCO
245 0 _aCOMUNITÀ CRISTIANA. LA CURA PER RAGAZZI ADOLESCENTI E GIOVANI. L'ORATORIO OGGI.
250 _a1a ed.
260 _a MILANO BOLOGNA
_bANCORA EDITRICE
_c1991 [1° Ed.:1991 - Ed.Ling.Originale: 1991]
300 _a102 p.
500 _aINTRODUZIONE. MOTIVI DI UNA INIZIATIVA. NUOVA SITUAZIONE. CHIESA MADRE DI TUTTI. LAVORO DI GRUPPO. IL LUOGO E L'IMMAGINE. LE FIGURE EDUCATIVE. GLI ITINERARI. IN SITUAZIONE. ORIZZONTI PIÙ VASTI.
501 _aSocietà San Paolo EM - Piazza San Paolo, 14 - 12051 ALBA (CN) (non commercial uses only) ® Copyright 2017
520 _aINTRODUZIONE. MOTIVI DI UNA INIZIATIVA. NUOVA SITUAZIONE. CHIESA MADRE DI TUTTI. LAVORO DI GRUPPO. IL LUOGO E L'IMMAGINE. LE FIGURE EDUCATIVE. GLI ITINERARI. IN SITUAZIONE. ORIZZONTI PIÙ VASTI.
650 _aRELIGIONE - RELIGIONE CRISTIANA
942 _cBK
957 _71
999 _a70950
_bNO
_g Copie: 1
_c312339
_d312339